Statistics for SANFL Juniors Teams

Click here to take the quiz!

General Stats

  • This quiz has been taken 29 times
    (13 since last reset)
  • The average score is 12 of 55

Answer Stats

Answer% Correct
Golden Grove
63%
Flinders Park
50%
Goodwood
50%
Henley
50%
Payneham NU
50%
Port District
50%
Salisbury
50%
SMOSH West Lakes
50%
Tea Tree Gully
50%
Blackwood
38%
Brighton
38%
Fitzroy
38%
Gaza
38%
Salisbury North
38%
Seaton
38%
Walkerville
38%
Athelstone
25%
Broadview
25%
Edwardstown
25%
Gepps Cross
25%
Glenunga
25%
Hectorville
25%
Lockleys
25%
Morphettville Park
25%
Phantoms
25%
Plympton
25%
Reynella
25%
Rosewater
25%
Unley
25%
Woodville South
25%
Angle Vale
13%
Colonel Light Gardens
13%
Greenacres
13%
Hope Valley
13%
Kenilworth
13%
Marion
13%
Mitcham
13%
Portland
13%
Port Noarlunga
13%
Sacred Heart OC
13%
Smithfield
13%
West Croydon
13%
Adelaide Junior Bulldogs
0%
Central United
0%
Eastern Park
0%
Elizabeth
0%
Houghton Districts
0%
Ingle Farm
0%
Kensington
0%
Kilburn
0%
Mawson Lakes
0%
Modbury
0%
North Haven
0%
Para Hills
0%
Pooraka
0%

Score Distribution

Percentile by Number Answered

Percent of People with Each Score

Your Score History

You have not taken this quiz since the last reset